[Event "Rusia ch-final 2014"]
[Site "Kazan RUS"]
[Date "2014.11.29"]
[Round "2.1"]
[White "Lysyj, Igor"]
[Black "Svidler, Peter"]
[Result "1/2-1/2"]
[WhiteElo "2686"]
[BlackElo "2743"]
[PlyCount "63"]
[EventDate "2014.11.28"]
[EventType "tourn"]
[EventRounds "9"]
[EventCountry "RUS"]
[EventCategory "19"]
[Source "lmi"]
[SourceDate "2014.11.28"]

1. d4 Nf6 2. c4 g6 3. Nc3 d5 4. Bf4 Bg7 5. e3 c5 6. dxc5 Qa5 7. Rc1 dxc4 8.
Bxc4 O-O 9. Nge2 Nc6 10. O-O Qxc5 11. Nb5 Be6 12. Bd3 Qb4 13. a3 Qb3 14. Ned4
Nxd4 15. Nxd4 Qxd1 16. Rfxd1 Nd5 17. Nxe6 fxe6 18. Rc2 Rac8 19. Rxc8 Rxc8 20.
Rb1 Nxf4 21. exf4 Rd8 22. Bc4 Kf7 23. b3 Rd2 24. Re1 Bd4 25. Rxe6 Bxf2+ 26. Kf1
Kf8 27. Re2 Rxe2 28. Kxe2 Bc5 29. a4 Bd6 30. Kf3 e5 31. fxe5 Bxe5 32. Ke4
1/2-1/2

[Event "Rusia ch-final 2014"]
[Site "Kazan RUS"]
[Date "2014.12.01"]
[Round "4.1"]
[White "Lysyj, Igor"]
[Black "Morozevich, Alexander"]
[Result "1-0"]
[WhiteElo "2686"]
[BlackElo "2724"]
[PlyCount "69"]
[EventDate "2014.11.28"]
[EventType "tourn"]
[EventRounds "9"]
[EventCountry "RUS"]
[EventCategory "19"]
[Source "lmi"]
[SourceDate "2014.11.28"]

1. d4 Nf6 2. c4 e6 3. Nf3 Bb4+ 4. Bd2 Be7 5. Nc3 O-O 6. a3 b6 7. e4 d5 8. cxd5
exd5 9. e5 Ne4 10. Bd3 Bb7 11. O-O c5 12. Re1 Nxc3 13. Bxc3 c4 14. Bf5 Bc8 15.
e6 fxe6 16. Bxe6+ Bxe6 17. Rxe6 Na6 18. Ne5 Bf6 19. Qh5 Nc7 20. Rc6 Bxe5 21.
dxe5 Nb5 22. Rd1 Rc8 23. Rxc8 Qxc8 24. Rxd5 Qc6 25. Qd1 Nc7 26. Rd7 Ne6 27. Bb4
Re8 28. Rd6 Qb5 29. Bc3 Nf4 30. Qg4 Nd5 31. Rd7 g6 32. Qh3 h5 33. e6 Re7 34.
Rd8+ Re8 35. Qf3 1-0

[Event "Rusia ch-final 2014"]
[Site "Kazan RUS"]
[Date "2014.12.01"]
[Round "4.2"]
[White "Khismatullin, Denis"]
[Black "Svidler, Peter"]
[Result "1/2-1/2"]
[WhiteElo "2679"]
[BlackElo "2743"]
[PlyCount "82"]
[EventDate "2014.11.28"]
[EventType "tourn"]
[EventRounds "9"]
[EventCountry "RUS"]
[EventCategory "19"]
[Source "lmi"]
[SourceDate "2014.11.28"]

1. Nf3 g6 2. e4 Nf6 3. e5 Nh5 4. d4 d6 5. Be2 Nc6 6. exd6 exd6 7. O-O Bg7 8.
Nc3 O-O 9. Bg5 Bf6 10. Bh6 Bg7 11. Bg5 Bf6 12. Bh6 Bg7 13. Qd2 d5 14. Rfe1 Ne7
15. Bd3 c6 16. h3 Bxh6 17. Qxh6 Kh8 18. Ng5 Nf6 19. Qh4 Neg8 20. Ne2 Kg7 21.
Nf4 Bd7 22. Re5 Qb6 23. Rae1 Rae8 24. b3 Qd8 25. Qg3 Re7 26. h4 Ng4 27. Nge6+
Bxe6 28. Nxe6+ Rxe6 29. Rxe6 fxe6 30. Qxg4 Qf6 31. Re2 Nh6 32. Qxe6 Qxd4 33. g3
Ng4 34. c3 Qxd3 35. Qxg4 Qxc3 36. Re7+ Rf7 37. Rxf7+ Kxf7 38. Qd7+ Kf6 39. Qd6+
Kf7 40. Qd7+ Kf6 41. Qd6+ Kf7 1/2-1/2

[Event "Rusia ch-final 2014"]
[Site "Kazan RUS"]
[Date "2014.12.02"]
[Round "5.1"]
[White "Karjakin, Sergey"]
[Black "Lysyj, Igor"]
[Result "0-1"]
[WhiteElo "2770"]
[BlackElo "2686"]
[PlyCount "96"]
[EventDate "2014.11.28"]
[EventType "tourn"]
[EventRounds "9"]
[EventCountry "RUS"]
[EventCategory "19"]
[Source "lmi"]
[SourceDate "2014.11.28"]

1. c4 Nf6 2. Nc3 c5 3. Nf3 e6 4. g3 b6 5. Bg2 Bb7 6. O-O Be7 7. d4 cxd4 8. Qxd4
O-O 9. Rd1 d6 10. b3 Nbd7 11. Bb2 a6 12. e4 Qb8 13. Qe3 Re8 14. Nd4 Bf8 15. Qd2
Nc5 16. Re1 Qc7 17. h3 Rad8 18. Rad1 Qb8 19. Qe3 g6 20. g4 Bg7 21. f3 Ba8 22.
Ba1 e5 23. Nc2 b5 24. cxb5 axb5 25. Nb4 Ne6 26. Qf2 Bf8 27. Ncd5 Nxd5 28. exd5
Nf4 29. Bf1 Rc8 30. Bb2 Qc7 31. Bc1 Qa5 32. Bd2 Qa3 33. Bxf4 exf4 34. Rxe8 Rxe8
35. Nc6 b4 36. Rd4 Bg7 37. Rc4 Bc3 38. Qc2 Bxc6 39. dxc6 d5 40. Rxc3 bxc3 41.
Qxc3 Qa7+ 42. Kg2 Qxa2+ 43. Kg1 Qa7+ 44. Kg2 d4 45. Qc2 Qa5 46. Bc4 Qc3 47. Qf2
d3 48. c7 d2 0-1

[Event "Rusia ch-final 2014"]
[Site "Kazan RUS"]
[Date "2014.12.02"]
[Round "5.5"]
[White "Morozevich, Alexander"]
[Black "Khismatullin, Denis"]
[Result "0-1"]
[WhiteElo "2724"]
[BlackElo "2679"]
[PlyCount "130"]
[EventDate "2014.11.28"]
[EventType "tourn"]
[EventRounds "9"]
[EventCountry "RUS"]
[EventCategory "19"]
[Source "lmi"]
[SourceDate "2014.11.28"]

1. e4 c5 2. Nf3 d6 3. d4 cxd4 4. Nxd4 Nf6 5. Nc3 a6 6. Be3 e5 7. Nb3 Be6 8. Qd2
Nbd7 9. O-O-O Be7 10. f4 Ng4 11. g3 Nxe3 12. Qxe3 b5 13. Kb1 Qb6 14. Qxb6 Nxb6
15. Na5 g6 16. Bg2 Rc8 17. Rhe1 exf4 18. gxf4 O-O 19. f5 Bd7 20. Bh3 Rc7 21.
Rd3 g5 22. Red1 Re8 23. a3 h5 24. Rxd6 Bxd6 25. Rxd6 Rb8 26. Bf1 Kg7 27. Bd3
Be8 28. e5 Rd7 29. Rf6 Rdd8 30. Nc6 Bxc6 31. Rxc6 Rdc8 32. Rd6 Rd8 33. Rc6 Nd7
34. e6 Rb6 35. Rc7 fxe6 36. Ne4 Kh6 37. fxe6 Rxe6 38. Nc5 Re1+ 39. Ka2 Nf8 40.
Rc6+ Kg7 41. Ne4 Rh1 42. Nxg5 Rxh2 43. Rxa6 h4 44. Rb6 Rd5 45. Rb7+ Kf6 46. Nf3
Rh3 47. Be4 Rh5 48. Rb6+ Ne6 49. Bb7 Rc5 50. c3 Ke7 51. Kb3 Nf4 52. Rh6 Rh5 53.
Rxh5 Nxh5 54. Kb4 Rg3 55. Kxb5 h3 56. a4 Kd6 57. Ka6 Rg2 58. b4 h2 59. Nxh2
Rxh2 60. c4 Nf6 61. c5+ Kc7 62. Ka7 Rh4 63. b5 Rxa4+ 64. Ba6 Nd7 65. c6 Nc5 0-1

[Event "Rusia ch-final 2014"]
[Site "Kazan RUS"]
[Date "2014.12.04"]
[Round "6.1"]
[White "Lysyj, Igor"]
[Black "Khismatullin, Denis"]
[Result "1-0"]
[WhiteElo "2686"]
[BlackElo "2679"]
[PlyCount "121"]
[EventDate "2014.11.28"]
[EventType "tourn"]
[EventRounds "9"]
[EventCountry "RUS"]
[EventCategory "19"]
[Source "lmi"]
[SourceDate "2014.11.28"]

1. d4 d6 2. Nf3 Nf6 3. c4 g6 4. Nc3 Bf5 5. d5 Bg7 6. Nd4 Bd7 7. e4 c5 8. Nf3
O-O 9. h3 e6 10. Bd3 exd5 11. exd5 Re8+ 12. Be3 b5 13. cxb5 a6 14. bxa6 Nxa6
15. O-O Nb4 16. Bc4 Ne4 17. Bd2 Bf5 18. a3 Nc2 19. Rc1 Nd4 20. Nxd4 Bxd4 21.
Nxe4 Rxe4 22. Bd3 Bxb2 23. Bxe4 Bxe4 24. Re1 Bxd5 25. Rb1 Qf6 26. Be3 Bd4 27.
Bxd4 cxd4 28. Ra1 h5 29. Qd2 Kg7 30. a4 Bc4 31. a5 d3 32. Rab1 h4 33. Re4 Be6
34. Rf4 Bf5 35. Qb4 Rc8 36. Rd1 Qe5 37. Rxh4 d5 38. Qd4 Kf6 39. Qxe5+ Kxe5 40.
Ra4 Bd7 41. Ra3 Ra8 42. Rdxd3 Bb5 43. Re3+ Kd6 44. Rf3 Ra7 45. a6 Kc5 46. Rfb3
Rxa6 47. Rxa6 Bxa6 48. f3 Kd4 49. Kf2 Bc8 50. h4 Be6 51. g3 Kc4 52. Rb6 Kc5 53.
Ra6 Kd4 54. Ra4+ Ke5 55. Ke3 Bd7 56. Ra5 Be6 57. g4 Bd7 58. f4+ Kd6 59. h5 gxh5
60. gxh5 Bf5 61. Kd4 1-0

[Event "Rusia ch-final 2014"]
[Site "Kazan RUS"]
[Date "2014.12.04"]
[Round "6.2"]
[White "Nepomniachtchi, Ian"]
[Black "Morozevich, Alexander"]
[Result "1/2-1/2"]
[WhiteElo "2714"]
[BlackElo "2724"]
[PlyCount "97"]
[EventDate "2014.11.28"]
[EventType "tourn"]
[EventRounds "9"]
[EventCountry "RUS"]
[EventCategory "19"]
[Source "lmi"]
[SourceDate "2014.11.28"]

1. Nf3 Nf6 2. g3 b6 3. Bg2 Bb7 4. O-O g6 5. d4 Bg7 6. c4 O-O 7. Qc2 c5 8. d5 b5
9. cxb5 d6 10. e4 a6 11. b6 Nbd7 12. Bd2 a5 13. Nc3 Nxb6 14. Rad1 a4 15. Rfe1
Nc4 16. e5 Nxd2 17. Rxd2 Ng4 18. exd6 exd6 19. Nxa4 Bc8 20. h3 Nh6 21. Nc3 Bf5
22. Qd1 Bd7 23. Bf1 Bxc3 24. bxc3 Qf6 25. c4 Ra3 26. Rd3 Rxa2 27. Qc1 Kg7 28.
g4 Ng8 29. Nd2 Qb2 30. Qxb2+ Rxb2 31. Ra1 Nf6 32. Ra7 Bc8 33. Nf3 h5 34. Ng5
hxg4 35. Ne6+ Bxe6 36. dxe6 gxh3 37. Rxh3 Ng4 38. Rd3 Rb6 39. Rd7 Ne5 40. R7xd6
Rxd6 41. Rxd6 fxe6 42. Rxe6 Rf5 43. Be2 Kf7 44. Ra6 Ke7 45. Kg2 Rf4 46. Ra7+
Kd6 47. Ra6+ Kd7 48. Ra7+ Kd6 49. Ra6+ 1/2-1/2

[Event "Rusia ch-final 2014"]
[Site "Kazan RUS"]
[Date "2014.12.04"]
[Round "6.4"]
[White "Jakovenko, Dmitry"]
[Black "Grachev, Boris"]
[Result "1/2-1/2"]
[WhiteElo "2745"]
[BlackElo "2669"]
[PlyCount "128"]
[EventDate "2014.11.28"]
[EventType "tourn"]
[EventRounds "9"]
[EventCountry "RUS"]
[EventCategory "19"]
[Source "lmi"]
[SourceDate "2014.11.28"]

1. e4 e6 2. d4 d5 3. Nc3 Nf6 4. e5 Nfd7 5. f4 c5 6. Nf3 Nc6 7. Be3 cxd4 8. Nxd4
Qb6 9. Qd2 Qxb2 10. Rb1 Qa3 11. Bb5 Nxd4 12. Bxd4 a6 13. Bxd7+ Bxd7 14. Rb3 Qe7
15. Rxb7 Rc8 16. O-O Qa3 17. Rfb1 Bc5 18. Ne2 Bxd4+ 19. Nxd4 Rc4 20. R7b4 O-O
21. Rxc4 dxc4 22. c3 Qc5 23. Qb2 Bb5 24. Qb4 Qd5 25. Re1 Qd7 26. h3 Rd8 27. Qa5
g6 28. Rb1 Qe8 29. Rb4 Rxd4 30. cxd4 Qd7 31. Qb6 Qd5 32. f5 exf5 33. Qd6 Qe4
34. e6 fxe6 35. a4 Qe3+ 36. Kh2 f4 37. Qd8+ Kf7 38. Qh4 Qd2 39. Qxh7+ Kf6 40.
Qh8+ Kf7 41. Qh7+ Kf6 42. Qh4+ g5 43. Qh6+ Kf7 44. Rb1 Qd3 45. axb5 Qxb1 46.
bxa6 Qd3 47. Qxg5 Qxd4 48. a7 Qxa7 49. Qxf4+ Kg7 50. Qxc4 Qb8+ 51. Kg1 Qa7+ 52.
Kh2 Qb8+ 53. g3 Qb2+ 54. Kg1 e5 55. Qe4 Qa1+ 56. Kg2 Qa2+ 57. Kf1 Qa1+ 58. Kf2
Qa2+ 59. Kf3 Qf7+ 60. Kg4 Qd7+ 61. Kg5 Qd8+ 62. Kf5 Qd7+ 63. Kxe5 Qc7+ 64. Kf5
Qxg3 1/2-1/2

[Event "Rusia ch-final 2014"]
[Site "Kazan RUS"]
[Date "2014.12.05"]
[Round "7.1"]
[White "Zvjaginsev, Vadim"]
[Black "Lysyj, Igor"]
[Result "1-0"]
[WhiteElo "2655"]
[BlackElo "2686"]
[PlyCount "73"]
[EventDate "2014.11.28"]
[EventType "tourn"]
[EventRounds "9"]
[EventCountry "RUS"]
[EventCategory "19"]
[Source "lmi"]
[SourceDate "2014.11.28"]

1. g3 Nf6 2. Bg2 d5 3. Nf3 e6 4. O-O Be7 5. d3 O-O 6. Nbd2 c5 7. e4 Nc6 8. Re1
b5 9. exd5 exd5 10. Nb3 Re8 11. h3 Qb6 12. c3 Bb7 13. Be3 Rad8 14. d4 c4 15.
Nc5 Bc8 16. b4 cxb3 17. axb3 b4 18. cxb4 Qxb4 19. Rc1 Ne4 20. Nxe4 dxe4 21. Bd2
Qb6 22. Rxe4 Bf5 23. Re1 Nxd4 24. Be3 Nxf3+ 25. Qxf3 Qb5 26. Bxa7 Be6 27. Qb7
Qxb7 28. Bxb7 Ba3 29. Ra1 Re7 30. Bb6 Rb8 31. Bg2 Bxb3 32. Be3 Bd6 33. Ra6 Bc7
34. Rb1 Be5 35. Ra3 Bc4 36. Rxb8+ Bxb8 37. Ra8 1-0

[Event "Rusia ch-final 2014"]
[Site "Kazan RUS"]
[Date "2014.12.05"]
[Round "7.4"]
[White "Morozevich, Alexander"]
[Black "Vitiugov, Nikita"]
[Result "1/2-1/2"]
[WhiteElo "2724"]
[BlackElo "2738"]
[PlyCount "83"]
[EventDate "2014.11.28"]
[EventType "tourn"]
[EventRounds "9"]
[EventCountry "RUS"]
[EventCategory "19"]
[Source "lmi"]
[SourceDate "2014.11.28"]

1. e4 c6 2. Nc3 d5 3. Nf3 Bg4 4. h3 Bxf3 5. Qxf3 e6 6. d3 Nd7 7. Bd2 Ngf6 8. g4
h6 9. Qg3 d4 10. Ne2 Qb6 11. Rb1 g5 12. Bg2 Be7 13. O-O h5 14. e5 Nd5 15. c4 h4
16. Qf3 Nb4 17. a3 Nxe5 18. Qe4 Nbxd3 19. b4 O-O 20. Nc1 Nxc1 21. Qxe5 Nd3 22.
Qe4 Nf4 23. Bxf4 gxf4 24. Qxf4 Qd8 25. b5 Rc8 26. Rfd1 Bg5 27. Qe4 Qf6 28. bxc6
bxc6 29. Rxd4 Rfd8 30. Rbd1 Rxd4 31. Qxd4 Qxd4 32. Rxd4 Be7 33. Rd7 Bxa3 34.
Rxa7 Bb2 35. c5 Bd4 36. Ra4 Bxc5 37. Rc4 Be7 38. Rxc6 Rxc6 39. Bxc6 e5 40. Kg2
Bg5 41. Kf3 e4+ 42. Kxe4 1/2-1/2

[Event "Rusia ch-final 2014"]
[Site "Kazan RUS"]
[Date "2014.12.07"]
[Round "9.2"]
[White "Svidler, Peter"]
[Black "Zvjaginsev, Vadim"]
[Result "1-0"]
[WhiteElo "2743"]
[BlackElo "2655"]
[PlyCount "127"]
[EventDate "2014.11.28"]
[EventType "tourn"]
[EventRounds "9"]
[EventCountry "RUS"]
[EventCategory "19"]
[Source "lmi"]
[SourceDate "2014.11.28"]

1. e4 c5 2. Nf3 Nc6 3. d4 cxd4 4. Nxd4 g6 5. Nc3 Bg7 6. Be3 Nf6 7. Bc4 O-O 8.
Bb3 a6 9. f3 e6 10. f4 d6 11. Qf3 Nxd4 12. Bxd4 b5 13. O-O-O Bb7 14. Rhe1 a5
15. Nxb5 a4 16. Bc4 Rc8 17. Nxd6 Qxd6 18. Bxf6 Qb4 19. Bxg7 Qxc4 20. Bc3 Qxa2
21. Rd4 Ba6 22. Kd2 Rfd8 23. Qe3 f6 24. Rd1 e5 25. fxe5 fxe5 26. Rxd8+ Rxd8+
27. Ke1 Rf8 28. Qc5 Qc4 29. Qd5+ Qxd5 30. Rxd5 Rf1+ 31. Kd2 Rf2+ 32. Ke3 Rxg2
33. Ra5 Bf1 34. Bxe5 Rxc2 35. Rxa4 Rc4 36. Ra7 Bg2 37. Bd4 Rc1 38. Bc3 Rf1 39.
b4 Rf7 40. Ra8+ Rf8 41. Ra5 Re8 42. Be5 Kf7 43. Rc5 Ra8 44. Rc6 Ra3+ 45. Kd4
Ra1 46. Kd5 Rd1+ 47. Bd4 Re1 48. Re6 Rf1 49. Bc5 g5 50. Re7+ Kf6 51. Re6+ Kf7
52. Re7+ Kf6 53. Rxh7 Rf5+ 54. Kd4 Rf4 55. Re7 Rf1 56. Bd6 Rd1+ 57. Kc5 Rc1+
58. Kb6 Rc4 59. e5+ Kf5 60. Rf7+ Ke6 61. Rf6+ Kd5 62. b5 Bh3 63. Ka7 Ra4+ 64.
Kb8 1-0

[Event "Rusia ch-final 2014"]
[Site "Kazan RUS"]
[Date "2014.12.07"]
[Round "9.4"]
[White "Khismatullin, Denis"]
[Black "Jakovenko, Dmitry"]
[Result "1/2-1/2"]
[WhiteElo "2679"]
[BlackElo "2745"]
[PlyCount "76"]
[EventDate "2014.11.28"]
[EventType "tourn"]
[EventRounds "9"]
[EventCountry "RUS"]
[EventCategory "19"]
[Source "lmi"]
[SourceDate "2014.11.28"]

1. c4 c6 2. Nf3 d5 3. e3 Nf6 4. Nc3 e6 5. d4 Nbd7 6. Qc2 Bd6 7. g4 h6 8. Rg1 e5
9. cxd5 cxd5 10. Nb5 Bb8 11. g5 hxg5 12. Nxg5 e4 13. Bd2 Nb6 14. Rc1 Bd7 15.
Nc7+ Bxc7 16. Qxc7 Qxc7 17. Rxc7 Rc8 18. Rxb7 Rc2 19. Bb4 Rxb2 20. Bc5 Rb1+ 21.
Ke2 Rb2+ 22. Ke1 Rb1+ 23. Ke2 Bb5+ 24. Kd2 Nfd7 25. Bxb5 Rxb5 26. Nxf7 Kxf7 27.
Bxb6 Ke6 28. Rxg7 Nxb6 29. Rbe7+ Kd6 30. Rxa7 Rh6 31. Ra6 Rxh2 32. a4 Rb2+ 33.
Kc1 Rhxf2 34. a5 Rbc2+ 35. Kd1 Rcd2+ 36. Kc1 Rc2+ 37. Kd1 Rcd2+ 38. Kc1 Rc2+
1/2-1/2

[Event "Rusia ch-final 2014"]
[Site "Kazan RUS"]
[Date "2014.12.07"]
[Round "9.5"]
[White "Nepomniachtchi, Ian"]
[Black "Vitiugov, Nikita"]
[Result "0-1"]
[WhiteElo "2714"]
[BlackElo "2738"]
[PlyCount "78"]
[EventDate "2014.11.28"]
[EventType "tourn"]
[EventRounds "9"]
[EventCountry "RUS"]
[EventCategory "19"]
[Source "lmi"]
[SourceDate "2014.11.28"]

1. e4 e6 2. d4 d5 3. Nc3 Bb4 4. e5 c5 5. a3 Bxc3+ 6. bxc3 Ne7 7. Qg4 cxd4 8.
Qxg7 Rg8 9. Qxh7 Qc7 10. Ne2 Nbc6 11. f4 dxc3 12. h4 Bd7 13. Qd3 d4 14. h5
O-O-O 15. Rb1 Kb8 16. g3 Bc8 17. Bg2 b6 18. Bf3 Bb7 19. g4 Na5 20. Rh3 Bxf3 21.
Qxf3 Nb7 22. h6 Nc5 23. h7 Rh8 24. Qg2 Qd7 25. f5 d3 26. Nxc3 Qd4 27. Kd2 Nd5
28. Nxd5 Ne4+ 29. Kd1 Qxd5 30. Ke1 Qa2 31. Rxb6+ axb6 32. Qxe4 Qb1 33. cxd3
Qxc1+ 34. Ke2 Rc8 35. Kf3 Rc2 36. Kg3 Qg1+ 37. Kf4 Rf2+ 38. Kg5 exf5 39. Rh1
fxe4 0-1